Triết học trong khoa học tự nhiên
Bewaard in:
| Hoofdauteur: | |
|---|---|
| Formaat: | Boek |
| Gepubliceerd in: |
Hà Nội
Giáo dục
2009
|
| Editie: | Tái bản lần thứ nhất |
| Onderwerpen: | |
| Tags: |
Voeg label toe
Geen labels, Wees de eerste die dit record labelt!
|
| Thư viện lưu trữ: | Trung tâm Học liệu Lê Vũ Hùng, Trường Đại học Đồng Tháp |
|---|
| LEADER | 00716pam a22002058a 4500 | ||
|---|---|---|---|
| 001 | 00041503 | ||
| 005 | 20180510090540.0 | ||
| 008 | 110323s2008 ||||||Viesd | ||
| 020 | # | # | |c 20000 |
| 041 | 0 | # | |a Vie |
| 082 | 1 | 4 | |a 501 |b TR308H |
| 100 | 0 | # | |a Nguyễn, Như Hải |
| 245 | 0 | 0 | |a Triết học trong khoa học tự nhiên |c Nguyễn Như Hải |
| 250 | # | # | |a Tái bản lần thứ nhất |
| 260 | # | # | |a Hà Nội |b Giáo dục |c 2009 |
| 300 | # | # | |a 163 tr. |c 24 cm. |
| 653 | # | # | |a Khoa học tự nhiên |a Sinh học |a Toán học |a Triết học |
| 852 | # | # | |j KD.0023650 |j KM.0024915 |
| 910 | |d 10/05/2018 | ||
| 980 | # | # | |a Trung tâm Học liệu Lê Vũ Hùng, Trường Đại học Đồng Tháp |